Города Томской области - Statistics

General Stats
  • This quiz has been taken 56 times
  • The average score is 4 of 7
Answer Stats
Население Город % Correct
551 505 Томск
100%
106 648 Северск
74%
24 913 Асино
50%
20 824 Колпашево
46%
39 169 Стрежевой
43%
1 818 Кедровый
30%
7 920 Белый Яр
24%
No matching quizzes found
Score Distribution
Percent of People with Each Score
Percentile by Number Answered
Your Score History
You have not taken this quiz